00674cam a22002411 4500001001300000003000400013005001700017008004100034010001700075025001900092035002000111040002100131042001200152050001700164100003100181245004500212260001100257300002800268500001600296650005100312650005200363999001700415sa 65000736 DLC20260227112105.0940602s1962 ii a 000 0 beno  asa 65000736  aPL480:EP-B-390 a(OCoLC)30538463 aDLCcCUdCUdDLC apremarc00aBP187.3b.R31 aRahman, A. B. M. Shafiqur.10aChabira sāhāyye haja o yiẏārata. c[1962] a4, 268 p.bill.c19 cm. aIn Bengali. 0aPilgrims and pilgrimageszSaudi ArabiazMecca. 0aPilgrims and pilgrimageszSaudi ArabiazMedina. c61710d61710